Czy rozpoznasz koszulki piłkarskie po wycinku? - Statystyki

Ogólne statystyki
  • Ten quiz został rozwiązany 195 razy
  • Średni wynik to 9 z 16
Statystyki odpowiedzi
Obrazkowy Odpowiedź % Poprawnych
AS Roma
91%
Bayern Monachium
90%
AC Milan
85%
Arka Gdynia
83%
Ajax
78%
Chelsea
66%
Brighton
61%
Fiorentina
60%
AS Monaco
47%
Celtic
44%
Lechia Gdańsk
39%
FC Porto
35%
Borussia Monchengladbach
34%
Almeria
30%
Everton
24%
Watford
1%
Nie znaleziono quizów pasujących do podanych kryteriów
Rozkład punktacji
Procent ludzi z każdym wynikiem
Percentyl według liczby udzielonych odpowiedzi
Twoja historia wyników
Nie rozwiązałeś tego quizu